Reproducing rape : (Record no. 2919)
[ view plain ]
| 000 -LEADER | |
|---|---|
| fixed length control field | 00453nam a2200169Ia 4500 |
| 005 - DATE AND TIME OF LATEST TRANSACTION | |
| control field | 20240604022213.0 |
| 008 - FIXED-LENGTH DATA ELEMENTS--GENERAL INFORMATION | |
| fixed length control field | 240331s9999 xx 000 0 und d |
| 020 ## - INTERNATIONAL STANDARD BOOK NUMBER | |
| ISBN | 0745611710 |
| 082 ## - DDC Classification | |
| Item Number - Author Mark | MAT |
| Class No. | 362 |
| 100 ## - MAIN ENTRY--PERSONAL NAME | |
| Personal name | Matoesian, G.M |
| 245 #0 - TITLE STATEMENT | |
| Title | Reproducing rape : |
| Remainder of title | domination through talk in the courtroom |
| 260 ## - PUBLICATION, DISTRIBUTION, ETC. | |
| Place of publication, distribution, etc. | Blackwell Publishers |
| Name of publisher, distributor, etc. | Cambridge |
| Date of publication, distribution, etc. | 1993 |
| 300 ## - PHYSICAL DESCRIPTION | |
| Extent (e.g. Volumes, Pages etc.) | 256 p., |
| 650 ## - SUBJECT ADDED ENTRY--TOPICAL TERM | |
| Topical term or geographic name entry element | Feminism |
| 650 ## - SUBJECT ADDED ENTRY--TOPICAL TERM | |
| Topical term or geographic name entry element | Reproductive Rights |
| 942 ## - Koha item type (Biblio) | |
| Koha item type | Books in Stacks (Lending) |
| Lost status | Damaged status | Collection code | Home library | Current library | Shelving location | Date acquired | Full call number | Accession Number | Item type |
|---|---|---|---|---|---|---|---|---|---|
| Lending | WERC Library | WERC Library | Social Science Cupboard | 03/31/2024 | 362.8 MAT | 2063 | Books in Stacks (Lending) |
